000 00687nam a2200229 a 4500
001 86173
003 BD-RjUL
005 20260216104537.0
008 260216s2019 nyu||||| |||| 00| 0 eng d
020 _a9781682856116
035 _a(BD-RjUL)86173
040 _aBD-RjUL
_beng
_cBD-RjUL
041 _aeng
082 _223
_a351
_bPUB 2019
245 _aPublic Administration and Governance
_cEdited by Esther Randall (Editor)
260 _a[New York] :
_bWillford Press,
_c2019
300 _avi, 228 p.:
_bill.;
_c28 cm.
504 _aIncludes bibliographical references and index.
650 _aPublic administration.
700 _aRandall, Esther (Editor)
_917714
942 _2ddc
_cBK
999 _c86173
_d86173